| 000 | 003490000a22001450004500 | ||
|---|---|---|---|
| 003 | MACL | ||
| 040 | _aMACL | ||
| 090 |
_c47333 _d47331 |
||
| 100 | _aMukhopadhyay,Dilip | ||
| 245 | _aContinuinig Education Some Thoughts | ||
| 260 |
_aNew Delhi _bIndian Adult Education Association _c2009 |
||
| 350 | _a100 | ||
| 650 | _aEducation | ||
| 942 |
_cBOOK _k370 |
||
| 999 |
_c46830 _d46830 |
||